000
00222 a2200097 4500
001
18012
100
_a
Hildebrand, V
245
_a
Introduction to early childhood Edu
260
_a
_b
Macmillan Co
_c
090
_c
13316
_d
13316
942
_a
NUST-CAE
_c
M
_c
3688
999
_c
253085
_d
253085